[Event "RUS-ch 56th"]
[Site "Krasnoyarsk"]
[Date "2003.09.08"]
[Round "5"]
[White "Sakaev, Konstantin"]
[Black "Belov, Vladimir"]
[Result "1-0"]
[WhiteElo "2655"]
[BlackElo "2553"]
[Annotator "Krasenkow,M"]
[PlyCount "67"]
[EventDate "2003.09.03"]
[EventType "swiss"]
[EventRounds "9"]
[EventCountry "RUS"]
[SourceTitle "CBM 098"]
[Source "ChessBase"]
[SourceDate "2004.02.03"]
[SourceVersion "1"]
[SourceVersionDate "2004.02.03"]
[SourceQuality "1"]

1. d4 Nf6 2. c4 g6 3. Nc3 d5 4. cxd5 Nxd5 5. e4 Nxc3 6. bxc3 Bg7 7. Bc4 c5 8.
Ne2 Nc6 9. Be3 O-O 10. O-O Bd7 11. Rb1 a6 {This line is developing very
quickly, with new interesting games coming every month. This time GM
Konstantin Sakaev comes up with a brilliant piece sacrifice.} 12. dxc5 Qc7 13.
Nd4 (13. f4 {- see several games in CBM96,97}) 13... e6 (13... Na5 14. Bd3 Rfd8
15. Qe2 $5 {Sakaev}) 14. f4 Na5 15. Bd3 (15. Bb3 $5 {is also possible. In the
following game Black didn't solve her opening problems:} e5 {This looks quite
illogical.} 16. fxe5 Bxe5 17. Bh6 Bg7 (17... Bxh2+ $5 18. Kh1 Be5) 18. Bxg7
Kxg7 19. Qf3 Nxb3 20. Rxb3 Rae8 21. Rb6 $5 (21. Qf6+ Kg8 22. Qd6 Qxd6 23. cxd6
b5 24. a4 $5 Rxe4 25. axb5 axb5 26. Nxb5 Bxb5 27. Rxb5 Rc4 {leaves Black with
drawing chances}) 21... Qxc5 (21... Bc8 $5 22. Rf6 Re5 23. c6 $1 $16) 22. Rxb7
Be6 23. Kh1 Qe5 24. Nc6 Qg5 25. Qf2 $16 {1-0 Zhukova,N-Matveeva,S/
Krasnoturinsk RUS 2003/The Week in Chess 458 (42)}) 15... e5 {After the bishop
retreat to d3 this move looks appropriate but a brilliant reply follows.} 16.
f5 $3 {[%mdl 512]} exd4 17. cxd4 $44 {[%csl Gc5,Gd4,Ge4,Gf5] White has a
strong centre and good attacking chances for the material sacrificed.} Rfe8 (
17... gxf5 $142 {but, according to Sakaev, White maintains a very strong
attack after} 18. exf5 Bf6 19. Rf3) 18. f6 Bf8 19. Qc1 $1 {[%cal Ye3h6] White
must combine his attack with prophylaxy.} (19. Qd2 $143 Bb5 $1 {Sakaev} 20.
Bxb5 (20. Bh6 Bxc5 $1 21. dxc5 Red8 22. Rf3 Qxc5+ 23. Kh1 Nc4 24. Qc3 Qd4)
20... axb5 21. Bh6 Bxc5 22. dxc5 Qxc5+ 23. Kh1 Nc4) 19... Nc6 ({Now after} 
19... Bb5 20. Bxb5 axb5 21. Bh6 Bxc5 (21... Rxe4 22. Bxf8 Kxf8 23. Qh6+ Ke8 24.
Rfe1 Qc6 25. Qh4 $1 Rxe1+ 26. Rxe1+ Kd8 27. Qxh7 $18) 22. Qxc5 $5 ({I would
prefer this to} 22. dxc5 Rxe4 23. Rxb5 Nc4) 22... Qxc5 23. dxc5 Rxe4 24. Rxb5 {
the endgame, with a pawn deficit and a "packed" king, should be hopeless for
Black.}) 20. Kh1 $1 (20. Bh6 {didn't work at once due to} Nxd4 21. Bxf8 Rxf8
22. Qh6 Ne6 23. Bc4 $2 Qxc5+ {(Sakaev) Now this becomes a threat.}) 20... h5 {
The only defense against 21.Bh6.} (20... Bg4 $5 {(to prevent a possible
manoeuvre Rf3-h3) didn't help:} 21. h3 (21. Bh6 $143 Nxd4 22. Bxf8 Rxf8 23. Qh6
Ne6 24. Bc4 b5 25. Bd5 Ra7 {(to free the queen from guarding the g7 square)}
26. Rbe1 {[%cal Yh2h3,Yg2g4]} Qxc5 27. h3 Bh5 28. g4 Bxg4 29. hxg4 Qc3 {
and Black can fight on}) 21... Bc8 $5 22. Bh6 Nxd4 23. Bxf8 Rxf8 24. Qh6 Ne6
25. Rb6 $1 {and Black, despite his extra piece, is practically stalemated!})
21. Bf4 $1 {It is useful to worsen the position of the black queen.} Qd8 22.
Bd6 {White is ready to swap the bishops, on condition that a strong passed
pawn in the centre be created!} Kh7 23. Qe3 Bxd6 (23... Bh6 24. Qf2 {[%cal
Ye4e5] Sakaev}) 24. cxd6 Bc8 25. e5 Qxd6 $6 {Black decides to give up some
material but it doesn't help his development by any means.} {[%tqu "En","How
does White regain material?","","","d3g6","",5]} 26. Bxg6+ $1 fxg6 27. f7 Qe7
28. fxe8=Q Qxe8 29. Rf6 Qe7 30. Rbf1 Be6 {At last the bishop has come out but
it's too late...} 31. Qe4 {[%cal Re4g6,Rd4d5]} (31. d5 $5 Bxd5 32. e6 {was
more "spectacular" but not necessary.}) 31... Bf5 32. R1xf5 gxf5 33. Qxf5+ Kg8
34. Rg6+ {An absolutely brilliant game, the true jewel of the year 2003!} 1-0

[Event "North Sea Cup 18th"]
[Site "Esbjerg"]
[Date "2003.07.11"]
[Round "8"]
[White "Nielsen, Peter Heine"]
[Black "McShane, Luke J"]
[Result "1/2-1/2"]
[WhiteElo "2625"]
[BlackElo "2592"]
[Annotator "Krasenkow,M"]
[PlyCount "61"]
[EventDate "2003.06.04"]
[EventType "tourn"]
[EventRounds "9"]
[EventCountry "DEN"]
[EventCategory "15"]
[SourceTitle "CBM 096"]
[Source "ChessBase"]
[SourceDate "2003.09.25"]
[SourceVersion "1"]
[SourceVersionDate "2003.09.25"]
[SourceQuality "1"]

1. d4 Nf6 2. c4 g6 3. Nc3 d5 4. cxd5 Nxd5 5. e4 Nxc3 6. bxc3 c5 7. Bc4 Bg7 8.
Ne2 O-O 9. O-O Nc6 10. Be3 Bd7 11. Rb1 a6 12. dxc5 Qc7 {Black doesn't hurry
with} (12... Na5) 13. f4 {A logical move, especially as previous games were
not too hard for Black:} (13. Nd4 Na5 (13... Rac8 14. Be2 Na5 {1/2-1/2 Arlandi,
E-Shomoev,A/Istanbul 2003/CBM96_01 (14).}) 14. Be2 Rfc8 15. f4 e5 16. fxe5 Qxe5
17. Bd3 Qe7 18. Nb3 {1/2-1/2 Kramnik,V-Sokolov,I/Wijk aan Zee 1999/CBM 69 (18)}
) (13. Qc1 Ne5 14. Bd5 Bc6 15. Bxc6 Qxc6 16. f3 Nd3 17. Qa3 Rac8 18. Rb6 Qc7
19. Rfb1 Nxc5 20. Bxc5 Qxc5+ 21. Qxc5 Rxc5 22. Rxb7 Bxc3 23. Nxc3 Rxc3 24. Rxe7
Rc2 $11 {0-1 Messin,B-Schneider,V/Budapest 2002/CBM ext 91 (50)}) 13... Rfd8 (
13... Na5 14. Bd3 Rfd8 15. c6 Qxc6 16. Bb6 Nc4 $2 (16... Bg4) 17. Bxc4 Qxc4 18.
Bxd8 Rxd8 19. Rxb7 Qc6 20. Rb2 Qxe4 21. Rd2 {1-0 Pedersen,N-Michielsen,J/
Dieren NED 2003/The Week in Chess 456 (28)}) 14. Nd4 Na5 15. Bb3 (15. Bd3 {
needs more tests.}) 15... Bb5 $1 16. Nxb5 axb5 17. Qc2 e6 {[%cal Yg7f8,Yf8c5]
Now Black wins the c5 pawn and therefore equalizes the game.} 18. Rbd1 Bf8 19.
Qf2 Rxd1 20. Rxd1 Qc6 21. e5 Rc8 22. h3 Bxc5 23. Bxc5 Qxc5 24. Rd8+ Kg7 25.
Rxc8 Qxc8 26. Qd4 Qa8 27. Kh2 Nxb3 28. axb3 Qa1 29. Qd8 Qxc3 30. Qf6+ Kg8 31.
Qd8+ {So, does 12...Qc7 solve all Black's problems?} 1/2-1/2

[Event "Tata Steel-B 74th"]
[Site "Wijk aan Zee"]
[Date "2012.01.24"]
[Round "9"]
[White "L'Ami, Erwin"]
[Black "Harika, Dronavalli"]
[Result "1-0"]
[WhiteElo "2596"]
[BlackElo "2516"]
[Annotator "L'Ami,E"]
[PlyCount "51"]
[EventDate "2012.01.14"]
[EventType "tourn"]
[EventRounds "13"]
[EventCountry "NED"]
[EventCategory "15"]
[SourceTitle "CBM 147"]
[Source "ChessBase"]
[SourceDate "2012.03.16"]
[SourceVersion "1"]
[SourceVersionDate "2012.03.16"]
[SourceQuality "1"]

1. d4 Nf6 2. c4 g6 3. Nc3 d5 4. cxd5 Nxd5 5. e4 Nxc3 6. bxc3 Bg7 7. Bc4 c5 8.
Ne2 O-O 9. O-O Nc6 10. Be3 e6 $5 {An interesting side-line.} 11. dxc5 ({
The most principled reply. A more restrained try is} 11. Qd2 {simply keeping
the centre intact and trying to preserve a small plus.}) 11... Qa5 ({Black had
an interesting alternative in} 11... Ne5 12. Qxd8 (12. Bb3 Qa5 $1 {followed by
...Nd7xc5 gives Black a good game.}) 12... Rxd8 13. Rfd1 Bd7 (13... Rxd1+ 14.
Rxd1 Nxc4 $4 15. Rd8+ Bf8 16. Bh6 {is not advisable.}) 14. Bb3 Bb5 15. Rxd8+
Rxd8 16. Nd4 {but, despite having very reasonable drawing chances, the endgame
does look a bit depressing.}) 12. f4 {It's important to take e5-square away
from the knight. Furthermore White is preparing the f4-f5 push.} Rd8 13. Qb3
Bf8 ({This looks incredibly risky!} 13... Qc7 {is quieter, when I had wanted
to continue} 14. Rad1 {but Black may be fine after} Na5 15. Rxd8+ Qxd8 16. Qa4
Nxc4 (16... Bd7 17. Bb5 $1) 17. Qxc4 Bd7 18. Nd4 Rc8 $132 {Perhaps the
immediate 14.Bb5 is more precise.}) 14. f5 Bxc5 15. Nd4 {Black has restored
the material balance, but now her king comes under siege.} Nxd4 16. cxd4 Rxd4 (
{Instead} 16... Bxd4 17. Bxd4 Rxd4 18. fxe6 Qc5 19. exf7+ Kf8 20. Kh1 $1 Rxc4 (
20... Qxc4 21. Qe3 $1) 21. Qb2 Qd4 22. Rad1 $1 {was a line that made me very
happy during the game.}) 17. fxe6 {The critical moment. ...Rxe4 or ...Rxc4?}
Rxc4 $2 ({The wrong one, suprisingly I haven't been able to demonstrate a win
after} 17... Rxe4 18. exf7+ Kf8 19. Bxc5+ Qxc5+ 20. Kh1 Qxc4 21. Qb2 {when
Black has two ways to defend:} Rf4 (21... Rd4 {is a very computerish defence
with the point that after} 22. Rad1 Rf4 23. Qh8+ Kxf7 {White can not continue
Rfc1 (which he does after 21...Rf4).} 24. Qxh7+ (24. Rfe1 Bg4 $1 25. Qxh7+ Kf8
26. Rb1 Qd4 27. Rxb7 Qe5 28. Qh6+ Kg8 29. Qxg6+ Kf8 30. Qh6+ Kg8 31. Qh7+ Kf8)
24... Kf6 25. Qh4+ (25. Rd6+ Be6 26. Rxe6+ Kxe6 27. Qxg6+ Kd7 28. Qg7+ Kc8 29.
Qh8+ Kd7 {is only a draw.}) 25... g5 26. Qh6+ Kf7 27. Qh7+ Kf6 28. Rfe1 Be6 29.
Rc1 Qd5 (29... Rh4 30. Rf1+ Rf4 31. Qh6+ Kf7 32. Rfe1 $1) 30. Rc7 Re8 {both
defending the e7-square and after} 31. Rg7 Qxg2+ 32. Kxg2 Bd5+ {making sure
Black holds a draw with perpetual check.} 33. Kg3 Rf3+ 34. Kg4 Rf4+ $11 {
A better try is 31.h3, but after both 31...Bf7 or even the bold 31...Bxh3 I
have been unable to find a win.}) ({of course} 21... Qd4 {runs into} 22. Rad1
$1 {again.}) 22. Qh8+ Kxf7 23. Rfc1 Qd3 24. Rd1 Qf5 25. Rac1 {and here it
looks very problematic for Black were it not for} Bd7 $1 26. Qxa8 (26. Qxh7+
Kf6 27. Qxd7 Qxd7 28. Rxd7 Rc8 $5 $11) 26... Bc6 {when ...Bxg2 is in the air
and the draw is secured once again. All in all, the above lines do show that
extremely accurate play is demanded of Black to stay in the game, while White
can always force a draw by perpetual.}) 18. exf7+ Kf8 19. Kh1 $1 {Threatening
a check on h6, forcing Black's reply.} Bxe3 20. Qxe3 g5 ({The other way of
covering the h6-square} 20... Qh5 {loses to} 21. Qd3 {.}) 21. e5 $1 {Cutting
off the Black queen from g5, and threatening to push the pawn even further.} h6
({Both} 21... Be6 22. Qxg5 Bxf7 23. Rxf7+ $5 Kxf7 24. e6+) ({and} 21... Rf4 22.
Rxf4 (22. e6 Bxe6 23. Qxe6 Qa6 $1 {would allow Black to escape.}) 22... gxf4
23. Qxf4 Qb6 24. Rf1 {are no improvements.}) 22. e6 Bxe6 23. Qxe6 {The rest is
easy.} Rc6 24. Qe4 Qc3 25. Rae1 Kg7 26. f8=Q+ $1 1-0

[Event "Rubinstein Memorial"]
[Site "Polanica Zdroj"]
[Date "1991.??.??"]
[Round "1"]
[White "Lautier, Joel"]
[Black "Adorjan, Andras"]
[Result "1-0"]
[WhiteElo "2560"]
[BlackElo "2530"]
[Annotator "Lautier,J"]
[PlyCount "92"]
[EventDate "1991.09.??"]
[EventType "tourn"]
[EventRounds "11"]
[EventCountry "POL"]
[EventCategory "11"]
[SourceTitle "CBM 026"]
[Source "ChessBase"]
[SourceDate "1992.02.01"]
[SourceVersion "1"]
[SourceVersionDate "1992.02.01"]
[SourceQuality "1"]

1. c4 {Kortschnoj} g6 2. d4 Nf6 3. Nc3 d5 4. cxd5 Nxd5 5. e4 Nxc3 6. bxc3 Bg7
7. Bc4 c5 8. Ne2 Nc6 9. Be3 O-O 10. O-O Qc7 (10... Bg4) 11. Rb1 a6 {N} (11...
cxd4 12. cxd4 Nxd4 13. Bxf7+ Rxf7 14. Nxd4 $16) (11... Bg4 12. f3 Bd7 13. dxc5
Na5 14. Bb5 $1 Rfd8 15. Qa4 $14 {Lautier-Kozul, Biel 1991}) 12. Qc1 $1 b5 13.
Bd3 Rd8 (13... Bb7 $6 14. a4 b4 15. cxb4 cxd4 16. Bxd4) 14. a4 (14. f4 $6 Bg4
$1 15. d5 $2 c4) 14... bxa4 (14... Ne5 $1 15. dxe5 (15. Bc2 cxd4 16. cxd4 Ng4
17. Bf4 Qc4 $15) 15... Rxd3 16. Nf4 (16. axb5 Qxe5 17. f3 (17. b6 Qxe4 $1)
17... axb5 18. Rxb5 Ba6 19. Rxc5 Qd6 $15) 16... Rd8 17. Nd5 Qxe5 18. Bxc5 Qxe4
19. Nxe7+ Kh8 20. Rb4 $40) 15. Rd1 $1 (15. Nf4 cxd4 16. cxd4 Bxd4 17. Nd5 Bxe3
$1 (17... Qd6 $4 18. Qxc6 $1 Qxc6 19. Nxe7+ Kg7 20. Nxc6 $18) 18. Nxc7 Bxc1 19.
Nxa8 Bh6 20. Bc4 Na5 21. Rfd1 Rf8 $1 22. Ba2 Bb7 $13) 15... Bd7 16. Nf4 $1 Be8
(16... e6 17. d5 $1 Ne5 18. dxe6 fxe6 19. Be2 $16) 17. Nd5 Qa5 18. Bf4 $1 (18.
Bd2 Rdb8) 18... Ra7 (18... Rdc8 $2 19. Nb6) (18... e5 19. Bg5 exd4 20. cxd4 $1
(20. Bxd8 Rxd8 $44) 20... Bxd4 21. Qf4 $1 (21. Bd2 Nb4 22. Rxb4 cxb4 23. Bxb4
Rxd5 $1 24. Bxa5 Rxa5 $15) 21... a3 22. Nf6+ Kg7 23. Rb7 $1 Ne5 24. Bh6+ Kh8
25. Nxe8 $18) 19. Bd2 $1 Rdd7 $2 (19... Rb8 20. Rxb8 Nxb8 21. Qa3 Nc6 22. dxc5
$14) 20. Nb6 Rdb7 21. c4 Nb4 22. dxc5 $1 Qxc5 $1 (22... Nxd3 23. Bxa5 Nxc1 24.
Rd8 $1 Bh6 (24... Kf8 25. c6 Rc7 26. Nd7+ Rxd7 27. Rxe8+ Kxe8 28. Rb8+ Rd8 29.
Rxd8#) 25. Rxe8+ Kg7 26. c6 Rc7 27. Nd5 Rxc6 28. Nxe7 Rxc4 29. Rg8+ Kf6 30.
Nd5+ Ke6 31. Re8+ $18) 23. Rxb4 Rxb6 24. Rxb6 Qxb6 25. Be3 Bd4 (25... Qc7 26.
Bxa7 Qxa7 27. c5 Bd4 28. c6 $1 Bxf2+ 29. Kh1 Bc5 30. Bc4 $1 Bxc6 31. Rd8+ Kg7
32. Qf4 $1 $18) 26. c5 Qb2 27. Bxd4 Qxd4 28. Bc4 $1 (28. Bb5 $4 Qxd1+ 29. Qxd1
axb5 (29... Bxb5 $2 30. Qd8+ Kg7 31. c6 $1 Bxc6 32. Qd4+) 30. Qd8 Kf8 31. c6 a3
32. c7 a2 33. Qxe8+ Kg7 $1 (33... Kxe8 34. c8=Q#) 34. Qh8+ Kxh8 35. c8=Q+ Kg7
36. Qc3+ f6 37. Qa1 b4 $19) 28... Qxe4 (28... Qxc5 $2 29. Bxf7+) 29. Rd8 Qc6 (
29... Ra8 30. Bd5) (29... Kf8 30. Qh6+) 30. Bd5 Qb5 31. Bc4 Qc6 32. Bd5 Qb5 33.
h3 $2 (33. c6 Kg7 34. Bf3 $1 Bxc6 35. Bxc6 Qb4 (35... Rc7 $2 36. Qa1+) 36. Qa1+
$18) 33... Kg7 34. Bc4 Qc6 35. Bd5 Qb5 36. Qe3 Bc6 $2 (36... Rd7 $1 37. Qd4+
Kh6 $1 (37... f6 $2 38. Rxe8 Rxd5 39. Rxe7+ $18) 38. Rc8 $1 $36 (38. Rxe8 Rxd5
39. Qxd5 Qxe8 40. c6 a3 41. c7 a2 $1 42. Qxa2 Qc6 43. Qd2+ Kg7 44. Qd8 Qc1+ 45.
Kh2 Qf4+ $10)) 37. Qd4+ Kh6 38. Qh4+ Kg7 39. Qd4+ Kh6 40. Rg8 $18 Qb1+ 41. Kh2
Qf5 42. Bxc6 a3 43. Bf3 Qf6 (43... f6 {Kortschnoj} 44. Qe3+ g5 45. Qxa3 Rd7 46.
Qe3 Rd4 {1-0 Lautier,J-Adorjan,A/Polanica Zdroj (01) 1991}) 44. Qe3+ g5 45.
Qxa3 Rd7 46. Qe3 Rd4 1-0

[Event "Biel SKA"]
[Site "Biel"]
[Date "1991.??.??"]
[Round "5"]
[White "Lautier, Joel"]
[Black "Kozul, Zdenko"]
[Result "1-0"]
[WhiteElo "2560"]
[BlackElo "2560"]
[Annotator "Lautier,J"]
[PlyCount "79"]
[EventDate "1991.07.??"]
[EventType "tourn"]
[EventRounds "14"]
[EventCountry "SUI"]
[EventCategory "15"]
[SourceTitle "CBM 025"]
[Source "ChessBase"]
[SourceDate "1991.12.01"]
[SourceVersion "1"]
[SourceVersionDate "1991.12.01"]
[SourceQuality "1"]

1. d4 {Ftacnik} Nf6 2. c4 g6 3. Nc3 d5 4. cxd5 Nxd5 5. e4 Nxc3 6. bxc3 Bg7 7.
Bc4 c5 8. Ne2 O-O 9. O-O Nc6 10. Be3 Qc7 11. Rb1 Bg4 {N} (11... Bd7 {Ftacnik}
12. dxc5 Na5 13. Bd3 Rfd8 14. Nd4 e5 15. Nb3 Bb5 16. Bxb5 Rxd1 17. Rfxd1 a6 $2
18. Rd7 Qc8 19. Nxa5 axb5 20. Rbd1 $18 {Kouatly,B-Ftacnik,L/Lyon/1988/}) 12. f3
Bd7 13. dxc5 $5 Na5 14. Bb5 Rfd8 (14... Bxb5 15. Rxb5 Nc4 16. Bf2 Rfd8 17. Qa4
Nd2 18. Re1 $16) (14... Be6 15. Qa4 (15. Nf4 $2 Bh6 $1) 15... a6 16. Bd3 Rfd8
17. Rfd1 $14) 15. Qa4 e5 $1 (15... e6 $6 16. Nd4 $1 (16. Rfd1 {Ftacnik} Bxb5
17. Qxb5 Bf8 $14) 16... Bf8 (16... e5 17. Nb3 $16) (16... a6 17. Bxd7 Rxd7 18.
Rb6 $16) 17. Bxd7 Rxd7 18. Nb5 $16) 16. Bxd7 (16. Rfd1 $6 Be6 $10) 16... Rxd7
17. Rfd1 Rad8 (17... Rxd1+ {Ftacnik} 18. Rxd1 Rd8 19. Rd5 Bf8 20. Qb5 $16) 18.
Rxd7 Rxd7 (18... Qxd7 $4 19. Qxa5 Qd3 20. Kf2 b6 21. Qb5 $18) 19. Rd1 Rxd1+ (
19... Qc6 $4 20. Rxd7 $1 Qxa4 21. Rd8+ Bf8 22. Bh6 $18) (19... Nc6 {Ftacnik}
20. Rd5 $1) 20. Qxd1 Nc4 (20... Bf8 {Ftacnik} 21. Qd5 Nc6 22. Nc1 Ne7 23. Qc4
$16) 21. Bf2 Bf8 22. Qd5 (22. Qb3 $2 Bxc5) 22... Nb2 (22... b5 {Ftacnik} 23.
Nc1 $1 (23. cxb6 axb6 $14) 23... a5 24. Nd3 $16) 23. Nc1 a5 $2 (23... Na4 24.
Qc4 (24. Nb3 Nxc3 25. Qd3 Na4 $10 (25... Nxa2 $2 26. Qd2 $18)) (24. Nd3 Nxc3
25. Qb3 Ne2+ 26. Kf1 Nf4 $10) 24... Nxc5 25. Nd3 b6 26. Kf1 Bd6 27. Bxc5 Bxc5
28. Nb4 $14) 24. Kf1 $1 (24. Qb3 Qd7 $1 (24... Qd7 $1 {Ftacnik} 25. Kf1 Qd1+
26. Qxd1 Nxd1 $10)) 24... Na4 $2 (24... a4 25. Ke2 $1 (25. Qd2 a3 26. Nb3 Na4
27. Qe3 Qd7 {with counterplay}) (25. a3 Qa5 {with counterplay}) (25. a3 $16 {
Ftacnik}) 25... Qa5 (25... a3 26. Nd3 Na4 (26... Nxd3 27. Kxd3 $16) 27. Qc4 Qa5
28. Kd2 $16) 26. Qxe5 Qb5+ 27. Ke1 Nc4 (27... Qd3 28. Bd4 Qd1+ 29. Kf2 Qd2+ 30.
Kg3 $18) 28. Qd5 $16) 25. Nd3 Be7 (25... Nxc3 $2 26. Qb3 $18) 26. Bg3 $1 $18 (
26. Ke1 b6 27. c6 Nxc3 28. Qc4 Bb4 29. Nxb4 (29. a3 $2 b5 30. Qb3 Qd6) 29...
axb4 $16) (26. Qxe5 {Ftacnik} Qxe5 27. Nxe5 Nxc3 $132) 26... Bxc5 (26... Nxc5
27. Nxe5 $18 (27. Nxe5 {Ftacnik} Ne6 28. Nxg6 $18)) 27. Qc4 $1 Qc6 (27... b5 {
Ftacnik} 28. Qxb5 $18) 28. Nxe5 Qe8 29. Ng4 (29. Nxf7 $2 b5 $1 30. Nd6+ bxc4
31. Nxe8 Nxc3 $10) 29... Qd8 (29... Be7 30. Be5 $18 (30. Qd4 $18 {Ftacnik}))
30. Qxa4 $1 Qd3+ 31. Ke1 Qxc3+ 32. Ke2 Qb2+ 33. Kd3 Qb1+ 34. Kc4 Qc1+ 35. Kd5
Bf8 36. e5 $1 (36. Qc4 {Ftacnik} Qd2+ 37. Qd4 Qxa2+) 36... Qd2+ 37. Ke4 Qe2+
38. Ne3 Bc5 39. Bf4 b5 40. Qc2 1-0